000 00523nmm a2200205 a 4500
003 AR-BaBNM
005 20251128203626.0
008 127019s1978 ||||||||||||||000 | spa||
040 _cAR-BaBNM
100 1 _aCutolo, Vicente Osvaldo
_d1922-2005
245 1 0 _aNuevo diccionario biográfico argentino
_b1750-1930. 5 : n-q
260 _aBuenos Aires
_bElche
_c1978
300 0 _a678 p.
650 4 _aDICCIONARIOS
650 4 _aBIOGRAFIAS
651 4 _aArgentina
655 _aREFERENCIA
942 _cBK
998 _claura
999 _c4202
_d4202